000 01528nam a2200409 a 4500
003 AR-BaBNM
005 20251128203702.0
008 082120s2002 ||||||||||||||000 | spa||
040 _cAR-BaBNM
245 0 0 _aEvaluación del aprendizaje
_bliteratura, lengua escrita, segunda lengua, educación industrial. 4
250 _a2ª ed.
260 _aBuenos Aires
_bTroquel
_c1979
300 _a300 p.
_btablas, il.
500 _aEl ejemplar cuyo número de inventario es 064178 ha sido sido preparado conjuntamente por la editorial y el Centro Regional de Ayuda Técnica, Agencia para el Desarrollo Internacional AID, Departamento de Estado del Gobierno de los Estados Unidos de América
504 _aContiene bibliografía al final de cada capítulo
650 4 _aEVALUACION
650 4 _aENSEÑANZA DE SEGUNDA LENGUA
650 4 _aENSEÑANZA INDUSTRIAL
650 4 _aOBJETIVOS EDUCACIONALES
650 4 _aOBJETIVOS COGNOSCITIVOS
650 4 _aMETODOS DE EVALUACION
650 4 _aTECNICAS DE EVALUACION
653 _aENSENANZA DE LA LENGUA
653 _aEDUCACION SECUNDARIA
653 _aENSEÑANZA DE LA LITERATURA
653 _aPROCESO DE ENSEÑANZA-APRENDIZAJE
700 1 _aBloom, Benjamin Samuel
700 1 _aHastings, J. Thomas
700 1 _aMadaus, George F.
700 1 _aWilson, Brent G.
700 1 _aKlopfer, Leopold E.
700 1 _aWilson, James W.
700 1 _aWalton, Roberto Juan
_etraductor
700 1 _aCarpineti, Bruno Luis
_ecoordinador
942 _cBK
998 _csilvi
999 _c4481
_d4481